Ask the experts... (Record no. 65165)
[ view plain ]
| 000 -LEADER | |
|---|---|
| fixed length control field | 01184cam a2200253 4500 |
| 001 - CONTROL NUMBER | |
| control field | ABS63048 |
| 008 - FIXED-LENGTH DATA ELEMENTS--GENERAL INFORMATION | |
| fixed length control field | 000000n2000 000 0 eng u |
| 035 ## - SYSTEM CONTROL NUMBER | |
| System control number | (Sirsi) u109143 |
| 100 ## - MAIN ENTRY--PERSONAL NAME | |
| Personal name | Jenkins, F. |
| 245 ## - TITLE STATEMENT | |
| Title | Ask the experts... |
| 260 ## - PUBLICATION, DISTRIBUTION, ETC. | |
| Date of publication, distribution, etc. | 2000 |
| 490 ## - SERIES STATEMENT | |
| Series statement | Property Week |
| Volume/sequential designation | 65(42) 27 October 2000, 100-101(2) |
| 520 ## - SUMMARY, ETC. | |
| Summary, etc. | Discusses a series of case rulings that began in 1991, which suggest that expert decisions are now more likely to be final and binding on the parties to a contract, and to exclude the courts' jurisdiction on matters of law. Provides a listing of cases in which experts' decisions were binding. Considers the negative effects this evolution in the law could have for both landlords and tenants. Concludes that the wording of the lease must make it absolutely clear whether the expert is to have the final say, and the court's jurisdiction excluded. |
| 590 ## - LOCAL NOTE (RLIN) | |
| Local note | ABS |
| 650 ## - SUBJECT ADDED ENTRY--TOPICAL TERM | |
| Topical term or geographic name entry element | EXPERTS DETERMINATION |
| 650 ## - SUBJECT ADDED ENTRY--TOPICAL TERM | |
| Topical term or geographic name entry element | COURTS |
| 650 ## - SUBJECT ADDED ENTRY--TOPICAL TERM | |
| Topical term or geographic name entry element | SERVICE CHARGE ACCOUNTS |
| 650 ## - SUBJECT ADDED ENTRY--TOPICAL TERM | |
| Topical term or geographic name entry element | FINAL ACCOUNTS |
| 650 ## - SUBJECT ADDED ENTRY--TOPICAL TERM | |
| Topical term or geographic name entry element | FINAL CERTIFICATES |
| 650 ## - SUBJECT ADDED ENTRY--TOPICAL TERM | |
| Topical term or geographic name entry element | LEASES |
| 650 ## - SUBJECT ADDED ENTRY--TOPICAL TERM | |
| Topical term or geographic name entry element | COMMERCIAL LEASES |
| 690 ## - LOCAL SUBJECT ADDED ENTRY--TOPICAL TERM (OCLC, RLIN) | |
| Topical term or geographic name as entry element | LANDLORD AND TENANT-LEASES |
| 942 ## - ADDED ENTRY ELEMENTS (KOHA) | |
| Suppress in OPAC | 0 |
| Withdrawn status | Lost status | Source of classification or shelving scheme | Damaged status | Not for loan | Home library | Current library | Shelving location | Date acquired | Total Checkouts | Full call number | Barcode | Date last seen | Copy number | Price effective from | Koha item type |
|---|---|---|---|---|---|---|---|---|---|---|---|---|---|---|---|
| Dewey Decimal Classification | London | London | Journal article | 03/11/2000 | ABS63048 | 109143-1001 | 06/08/2019 | 1 | 06/08/2019 | Journal article |